000 03017nam0a2200421 4500
001 RU\NLR\BIBL_A\012775905
005 20260409063204.0
010 _a978-5-98301-235-6
_9100
021 _aRU
_b2022-2917
_9КН-П-221
035 _a(RuMoRGB)010963362
035 _a(NLR Aleph) 012775905
090 _a13107698
_c13107698
100 _a20220428d2021 |||y0rusy50 ca
101 0 _arus
102 _aRU
105 _aa j 000zy
181 1 _ai
_baxxe
182 1 _an
200 1 _aПатофизиология иммунной системы
_eучебное пособие
_eпо направлению подготовки 31.05.01 "Лечебное дело"
_fМаркелова Е. В., Костюшко А. В., Турмова Е. П. [и др.]
_gМинистерство здравоохранения Российской Федерации, Тихоокеанский государственный медицинский университет
203 _aТекст
_bвизуальный
_cнепосредственный
210 _aВладивосток
_cМедицина ДВ
_d2021
_eВладивосток
215 _a199 с.
_cил.
_d21
225 1 _aУчебная литература ТГМУ
320 _aБиблиогр.: с. 199
320 _aАвт. указаны на обороте тит. л
330 _aВ учебном пособии рассмотрены вопросы патофизиологии иммунной системы. Представлены современные материалы, касающиеся функционирования иммунной системы при иммунодефицитных состояниях, аллергии, аутоиммунных заболеваниях. Большое внимание уделено прикладным аспектам: диагностике, вопросам патогенетической терапии. В пособии приведет перечень вопросов и задач для самоконтроля. Учебное пособие предназначено для обучающихся ВО по специальности <Лечебное дело>
606 1 _aИммунитет
_jУчебные издания для высших учебных заведений
_xПатологическая физиология
_91190802
_3RU\NLR\AUTH\66480598
675 _a616-097-092(075.8)
_v4
686 1 _aР252.325я73
701 1 _aМаркелова
_bЕ. В.
_gЕлена Владимировна
701 1 _aКостюшко
_bА. В.
_gАнна Валерьевна
701 1 _aТурмова
_bЕ. П.
_gЕкатерина Павловна
712 0 2 _4570
_aТихоокеанский государственный медицинский университет
_cВладивосток
_3RU\NLR\AUTH\8810246758
_9379340
942 _cBOOK
980 _aNB